header

Implementing evidence-based practice (Record no. 118784)

MARC details
000 -LEADER
fixed length control field 01893nam a2200385 a 4500
082 04 - DEWEY DECIMAL CLASSIFICATION NUMBER
Classification number 610.73
245 00 - TITLE STATEMENT
Title Implementing evidence-based practice
260 ## - PUBLICATION, DISTRIBUTION, ETC. (IMPRINT)
Place of publication Indianapolis, Ind. :
Name of publisher Sigma Theta Tau International,
Year of publication c2011.
300 ## - PHYSICAL DESCRIPTION
Number of Pages xxv, 294 p. :
Other physical details ill.
505 0# - FORMATTED CONTENTS NOTE
Formatted contents note Igniting passion and a spirit of inquiry with evidence-based practice -- Innovating healthcare with evidence-based practice -- Incorporating patient preferences & clinician expertise in evidence-based practice -- Improving outcomes with evidence-based practice -- Fostering teamwork with evidence-based practice -- Mentoring and teaching evidence-based practice.
650 #0 - SUBJECT ADDED ENTRY--TOPICAL TERM
Topical Term Evidence-based nursing.
Topical Term Nursing.
700 1# - ADDED ENTRY--PERSONAL NAME
Personal name Melnyk, Bernadette Mazurek.
Personal name Fineout-Overholt, Ellen.
Personal name Malone, Rycroft.
856 40 - ELECTRONIC LOCATION AND ACCESS
Uniform Resource Identifier http://site.ebrary.com/lib/rucke/Doc?id=10481082

No items available.

© 2026 Rongo University
Contact us: librarian | system librarian | Rongo university